000 00531nam a22001937a 4500
003 OSt
005 20250423110700.0
008 130304t xxu||||| |||| 00| 0 eng d
020 _a9789814384179
050 _aQA 76.76
_b.St929 2012
082 _aFIL 005.43
_bS931 2012
245 _aOperating Systems: Principles, Design and Applications
_cStuart, Brian
260 _aCanada
_bThomson South-Western
_c2008
300 _a470 p .
_c22.8 cm.
526 _c1210L-1700L
562 _e1
942 _2lcc
_cBK
999 _c16389
_d16389